000 00942nam a2200253 a 4500
001 ASIN1904772005
003 OSt
005 20180116192424.0
008 140828s2004 xxu eng d
020 _a1904772005 (paperback)
_c$39.95
020 _a9781904772002 (paperback)
040 _csada
050 0 4 _aNK1390
082 0 4 _a745.4
100 1 _aRodgers, Paul.
_97737
245 1 0 _aInspiring designers /
_cPaul Rodgers.
260 _a[S.l.] :
_bBlack Dog Publishing,
_c2004.
300 _a334 p. ;
_c25 cm.
520 _aInspiring Designers a sourcebook provides an insight into the minds of 18 of the world's most distinguished designers working today. The book comprehensively explores what makes these designers critically and commercially successful.
650 0 _aDesign
_97738
650 0 _aDesigners
_97739
856 4 0 _3Amazon.com
_uhttp://www.amazon.com/exec/obidos/ASIN/1904772005/chopaconline-20
942 _2ddc
_cBK
999 _c354001
_d354001